000 00427nam a2200145Ia 4500
008 240112s1955 FEB xx 000 0 und d
022 _a54-6097
041 _aeng
082 _a618.92705
100 _aADAMS J.M.
245 _aPEDIATRIC CLINICS OF NORTH AMERIC: SYMPOSIUM ON UNUSUAL INFECTION OF CHILDHOOD LABORARERY TESTS & SPECIAL PROCEDURES
260 _bSAUNDERS W.B.
_c1955 FEB
300 _a332,HB
440 _v2
999 _c1141478
_d1141478